000
00215nam a2200097Ia 4500
008
120527s9999 xx 000 0 und d
100
_a
SULLIVAN,J.John.
245
_a
Overlord's Eagles.
260
_b
MCF
942
_c
BK
999
_c
23870
_d
23870